| 000 -LEADER |
| fixed length control field |
00354nam a22001337a 4500 |
| 005 - DATE AND TIME OF LATEST TRANSACTION |
| control field |
20230922152739.0 |
| 008 - FIXED-LENGTH DATA ELEMENTS--GENERAL INFORMATION |
| fixed length control field |
230922s1969 enk||||| |||| 00| 0 eng d |
| 080 ## - UNIVERSAL DECIMAL CLASSIFICATION NUMBER |
| Universal Decimal Classification number |
913.3 B-56 |
| 100 ## - MAIN ENTRY--PERSONAL NAME |
| Personal name |
Bibby, Geoffrey |
| 9 (RLIN) |
19898 |
| 245 ## - TITLE STATEMENT |
| Title |
Looking for Dilmun / |
| Statement of responsibility, etc. |
Geoffrey Bibby. |
| 264 ## - PRODUCTION, PUBLICATION, DISTRIBUTION, MANUFACTURE, AND COPYRIGHT NOTICE |
| Place of production, publication, distribution, manufacture |
New York, |
| Date of production, publication, distribution, manufacture, or copyright notice |
1969. |
| 300 ## - PHYSICAL DESCRIPTION |
| Extent |
366 p. : |
| Other physical details |
ill.; |
| Dimensions |
18 cm. |
| 942 ## - ADDED ENTRY ELEMENTS (KOHA) |
| Source of classification or shelving scheme |
|
| Koha item type |
წიგნი |